000 00816nam a2200289Ia 4500
001 B6577
003 IT-RoPAU
008 130308s9999 xx 000 0 und d
040 _aIT-RoPAU
040 _cIT-RoPAU
041 _aITALIANO
100 _aSchindler Oskar
100 _gCodice Aut. SPICS: 25842
245 _aMusicoterapia come operazione di educazione e allenamento delle gnosie e percezioni uditive
245 _bDisturbi del Linguaggio e Musica
250 _a1a ed.
260 _aASSISI
260 _bPro Civitate Christiana
260 _c1984 [1° Ed.:1984 - Ed.Ling.Originale:1984]
300 _a"12 p. (prefazione: no ; testo: 12 [pagine: 73-84])"
650 _aSAGGI MUSICALI
650 _eCodice materia Spics: 7011
942 _cBK
957 _71
999 _c60181
_d60181
999 _bSI
999 _g1